书目信息 |
| 题名: |
城市地价动态监测技术与方法示范
|
|
| 作者: | 周建春 主编 | |
| 分册: | ||
| 出版信息: | 北京 中国大地出版社 2007.11 |
|
| 页数: | 243页 | |
| 开本: | 20cm | |
| 丛书名: | ||
| 单 册: | ||
| 中图分类: | F299.232 | |
| 科图分类: | ||
| 主题词: | 城市经济 , 市政经济 | |
| 电子资源: | ||
| ISBN: | 978-7-80097-484-7 | |
| 000 | 00633nam0 2200229 45 | |
| 001 | 0947000250 | |
| 005 | 20091101130423.78 | |
| 010 | @a978-7-80097-484-7@dCNY90.00 | |
| 100 | @a20090515d2007 ekmy0 y0120 ea | |
| 102 | @aCN@b130000 | |
| 102 | @aCN@b110000 | |
| 105 | @ay z 000yy | |
| 200 | 1 | @a城市地价动态监测技术与方法示范@f周建春主编@Fzhou jian chun zhu bian |
| 210 | @a北京@c中国大地出版社@d2007.11 | |
| 215 | @a243页@d20cm | |
| 606 | 0 | @a城市经济 |
| 606 | 0 | @a市政经济 |
| 690 | @aF299.232@v4 | |
| 701 | 0 | @a周建春@Azhou jian chun@4主编 |
| 801 | 0 | @aCN@c20091101 |
| 905 | @a10447@dF299.232@eZ770 | |
| 906 | @d90@n3@r1 | |
| 城市地价动态监测技术与方法示范/周建春主编.-北京:中国大地出版社,2007.11 |
| 243页;20cm |
| ISBN 978-7-80097-484-7:CNY90.00 |
| ● |
| 相关链接 |
|
|
|
正题名:城市地价动态监测技术与方法示范
索取号:F299.232/Z770
 
预约/预借
| 序号 | 登录号 | 条形码 | 馆藏地/架位号 | 状态 | 备注 |
| 1 | 655246 | 206552461 | 社科二线422/409社科库 110排1列5层/ [索取号:F299.232/Z770] | 在馆 | |
| 2 | 655247 | 206552470 | 社科库409/409社科库 110排2列2层/ [索取号:F299.232/Z770] | 在馆 | |
| 3 | 655248 | 206552489 | 社科库409/409社科库 110排2列2层/ [索取号:F299.232/Z770] | 在馆 |